01920nab a22002777a 4500003000400000005001700004008004100021040001100062100002300073245035500096260007300451300001300524500015400537505047500691505008901166650002801255650002601283650002701309650002501336650002501361650002701386650002101413650003001434700003301464773014501497OSt20250221104100.0190603e xxum|||| |||| 00| 0 spa d cPJ-TDF aAzar, Aldo Marcelo10aResponsabilidad por los sistemas de inteligencia artificial en entornos virtuales, aplicaciones, sitios de internet y plataformas digitales. La configuración de una nueva obligación de seguridad por daños a derechos personalísimos, datos personales y atributos de la personalidad a la luz de los Tratados de Derechos Humanos /cAldo M. Azar. cCiudad Autónoma de Buenos Aires :aThomson Reuters La Ley, b2024. ap. 75-84 aCita: TR LALEY AR/DOC/1983/2024. Publicado en: R.C.C. y C. 2024 (Septiembre-Octubre). EDICIÓN ESPECIAL: XXIX Jornadas Nacionales de Derecho Civil. aSumario: I. Conceptualización inicial de la inteligencia artificial (IA) y delimitación de los fenómenos bajo análisis.— II. Hechos productores de daños.— III. La afectación de los derechos personalísimos y de los atributos de la personalidad.— IV. Factores de atribución de responsabilidad.— V. La configuración de una nueva y especial obligación de seguridad.— VI. La responsabilidad por daños causados por la IA en entornos virtuales.  t¿Te interesa el texto completo? Solicitalo al correo: koha@justierradelfuego.gov.ar 0aINTELIGENCIA ARTIFICIAL 0aRESPONSABILIDAD CIVIL 0aCIENCIA Y TECNOLOGÍA 0aDAÑOS Y PERJUICIOS 0aDAÑOS Y PERJUICIOS 0aDERECHO A LA INTIMIDAD 0aDATOS PERSONALES 0aDERECHOS PERSONALÍSIMOS aGuerreiro, Pablo N.ecoautor0 02713dCiudad Autónoma de Buenos Aires : Thomson Reuters La Ley, 2015-tRevista Código Civil y Comercial. Nº 5 - Septiembre-Octubre 2024